000 00265nam a2200097Ia 4500
001 647035
005 20250826153654.0
008 250824s9999 xx 000 0 und d
245 0 _aKüçük Mimarlar Hem İş Yeri Hem Ev
_cGerry Bailey
260 _bTÜBİTAK YAYINLARI
999 _c647035
_d647035